000 00627nam a22002530a 4500
001 PT34663
003 AR-LpoUNG
005 20210131230209.0
008 191001s1998||||mx |||||||||||||||||spa d
020 _a9681655362
_c$4.90
040 _aAR-LpoUNG
_bspa
_cAR-LpoUNG
_eaacr
041 _aspa
044 _amx
082 0 _a808.068 3 62per
100 1 _aKitamura, Satoshi
245 1 0 _aPerro tiene sed
250 _a1ra. ed.
260 _aMéxico, D. F. :
_bFondo de Cultura Económica,
_c1998.
300 _a[12] p. :
_bil.
650 4 _aCUENTOS
653 _aLITERATURA INFANTIL
905 _a34663
942 _cLIB
999 _c2046
_d2046